000 00537nam a2200193 a 4500
003 PILC
005 20160222093639.0
008 110818s19uu xx 00 eng d
020 _a9780742557765
050 _aD 21
_b.H56 2009 vol.2
100 _aHertzel, David.
245 _aThe world history workbook /
_cDavid Hertzel.
260 _alanham :
_bRowman Littlefield Publishing,
_c2009.
300 _a133 pages ;
_c25 cm.
500 _aIncludes glossary.
650 _aHistory
_xWorkbook
942 _cBK
_2lcc
_kFOR
999 _c24754
_d24754